Memoria del mapa de suelos de la cuenca media del río Tormes (Salamanca) / (Record no. 70292)

MARC details
000 -LEADER
campo de control de longitud fija 00749nam a2200193 i 4500
001 - NÚMERO DE CONTROL
campo de control 70292
003 - IDENTIFICADOR DE NÚMERO DE CONTROL
campo de control ES-MaACL
005 - FECHA Y HORA DE LA ÚLTIMA TRANSACCIÓN
campo de control 20230906170758.0
007 - CAMPO FIJO DE DESCRIPCIÓN FÍSICA--INFORMACIÓN GENERAL
campo de control de longitud fija t|
008 - DATOS DE LONGITUD FIJA--INFORMACIÓN GENERAL
campo de control de longitud fija 040721s1962 sp ||||1| spa d
100 1# - ENTRADA PRINCIPAL--NOMBRE DE PERSONA
Nombre de persona García Rodríguez, A.
9 (RLIN) 55193
245 10 - MENCIÓN DEL TÍTULO
Título Memoria del mapa de suelos de la cuenca media del río Tormes (Salamanca) /
Mención de responsabilidad, etc. A. García Rodríguez.
260 ## - PUBLICACIÓN, DISTRIBUCIÓN, ETC.
Lugar de publicación, distribución, etc. Salamanca :
Nombre del editor, distribuidor, etc. Diputación de Salamanca,
Fecha de publicación, distribución, etc. 1962.
300 ## - DESCRIPCIÓN FÍSICA
Extensión 63 p., 1 lám. ;
Dimensiones 25 cm.
500 ## - NOTA GENERAL
Nota general Precede al tít.: Instituto de Orientación y Asistencia Técnica del Oeste.
710 00 - ENTRADA AGREGADA--NOMBRE DE ENTIDAD CORPORATIVA
Nombre de entidad corporativa o nombre de jurisdicción como elemento de entrada Salamanca (Provincia).
Unidad subordinada Diputación Provincial.
9 (RLIN) 6485
710 2# - ENTRADA AGREGADA--NOMBRE DE ENTIDAD CORPORATIVA
Nombre de entidad corporativa o nombre de jurisdicción como elemento de entrada Instituto de Orientación y Asistencia Técnica del Oeste.
9 (RLIN) 4990
852 ## - LOCALIZACIÓN
Ubicación ES-MaACL
Número de control de estantería C-22495
Sublocalización o colección R.51195
Holdings
Estatus retirado Estado de pérdida Estado de daño No para préstamo Biblioteca de origen Biblioteca actual Ubicación en estantería Fecha de adquisición Fuente de adquisición Total de préstamos Signatura topográfica completa Código de barras Visto por última vez Precio de reemplazo Tipo de ítem Koha
        Biblioteca del Ateneo de Madrid Biblioteca del Ateneo de Madrid Galería 17/01/2008     C-22495 1073607 23/02/2023 23/02/2023 Libro impreso